Statistics (Record no. 1528)
[ view plain ]
| 000 -LEADER | |
|---|---|
| fixed length control field | 00419nam a2200181Ia 4500 |
| 001 - CONTROL NUMBER | |
| control field | 1219 |
| 008 - FIXED-LENGTH DATA ELEMENTS--GENERAL INFORMATION | |
| fixed length control field | 140313s9999 xx 000 0 und d |
| 020 ## - INTERNATIONAL STANDARD BOOK NUMBER | |
| International Standard Book Number | 712110402 |
| 040 ## - CATALOGING SOURCE | |
| Transcribing agency | PK-LaUMT |
| 082 ## - DEWEY DECIMAL CLASSIFICATION NUMBER | |
| Classification number | 519.53 |
| Item number | HAR-S |
| 100 ## - MAIN ENTRY--PERSONAL NAME | |
| Personal name | W.M.Harper |
| 245 ## - TITLE STATEMENT | |
| Title | Statistics |
| Statement of responsibility, etc | W.M.Harper |
| 250 ## - EDITION STATEMENT | |
| Edition statement | 6th |
| 260 ## - PUBLICATION, DISTRIBUTION, ETC. (IMPRINT) | |
| Place of publication, distribution, etc | London, UK: |
| Name of publisher, distributor, etc | English Language Book Society, |
| Date of publication, distribution, etc | 1991. |
| 300 ## - PHYSICAL DESCRIPTION | |
| Extent | 501 p. |
| 546 ## - LANGUAGE NOTE | |
| Language note | EN |
| 942 ## - ADDED ENTRY ELEMENTS (KOHA) | |
| Koha item type | Books |
| Withdrawn status | Lost status | Source of classification or shelving scheme | Damaged status | Not for loan | Home library | Current library | Date acquired | Total Checkouts | Full call number | Barcode | Date last seen | Price effective from | Koha item type |
|---|---|---|---|---|---|---|---|---|---|---|---|---|---|
| Dewey Decimal Classification | UMT Main Campus | UMT Main Campus | 2014-03-13 | 519.53 HAR-S | 0011 | 2015-01-05 | 2014-03-13 | Books |
